Statistics for Largest Rivers by Discharge

Click here to take the quiz!

General Stats

  • This quiz has been taken 12,880 times
    (12,853 since last reset)
  • The average score is 10 of 21

Answer Stats

m3 / sFlows IntoRiver% Correct
209,000AtlanticAmazon
95%
16,792Gulf of MexicoMississippi
92%
30,166East China SeaYangtze
83%
38,129Bay of BengalGanges-Brahmaputra
78%
7,130Black SeaDanube
76%
8,060Caspian SeaVolga
71%
41,200AtlanticCongo
65%
14,800South China SeaMekong
63%
16,800Gulf of _____ ________Saint Lawrence
46%
7,070Indian OceanZambezi
39%
22,000AtlanticRío de la Plata
38%
12,475Gulf of __Ob
32%
9,500South China SeaPearl
29%
16,871Laptev SeaLena
27%
11,400Sea of OkhotskAmur
26%
7,500Pacific OceanColumbia
23%
10,300Beaufort SeaMackenzie
21%
36,000AtlanticOrinoco
20%
19,600Kara SeaYenisei
20%
13,000Andaman SeaIrrawaddy
13%
13,600AtlanticTocantins
6%

Score Distribution

Percentile by Number Answered

Percent of People with Each Score

Your Score History

You have not taken this quiz since the last reset